Voyages to the planets by Andrew Fraknoi and others (Record no. 1211952)

MARC details
000 -LEADER
fixed length control field 01185nam a2200337Ia 4500
003 - CONTROL NUMBER IDENTIFIER
control field OSt
005 - DATE AND TIME OF LATEST TRANSACTION
control field 20221007123457.0
008 - FIXED-LENGTH DATA ELEMENTS--GENERAL INFORMATION
fixed length control field 221006b |||||||| |||| 00| 0 eng d
020 ## - INTERNATIONAL STANDARD BOOK NUMBER
International Standard Book Number 0534395678 (pbk)
-- 30.00
037 ## - SOURCE OF ACQUISITION
Terms of availability Textual
040 ## - CATALOGING SOURCE
Original cataloging agency PAPL
Transcribing agency PAPL
Language of cataloging eng
041 ## - LANGUAGE CODE
Source of code eng
Language code of text/sound track or separate title eng
100 ## - MAIN ENTRY--PERSONAL NAME
Personal name Fraknoi Andrew
9 (RLIN) 717272
245 #0 - TITLE STATEMENT
Title Voyages to the planets by Andrew Fraknoi and others
Remainder of title Morrison David Wolff Sidney
250 ## - EDITION STATEMENT
Edition statement Ed 3
260 ## - PUBLICATION, DISTRIBUTION, ETC.
Place of publication, distribution, etc. Australia
Name of publisher, distributor, etc. Thomson
Date of publication, distribution, etc. 2004
300 ## - PHYSICAL DESCRIPTION
Extent xv, 418p
Dimensions cm.
490 ## - SERIES STATEMENT
Volume/sequential designation Includes CD-ROM
500 ## - GENERAL NOTE
General note Appendix 1-15, 368-405p; Index 408-418p; ^n23/CSL/CARPA/2003-2004/1305(B)^d2004-02-17^mPurchase; ; 2003-04/963^b2004-03-24^c617^d2004-03-20^eRs.9,353.00^fMonika Book Distributors; ; 2004-05-07^bSB^c2004-05-07^dVinay
650 ## - SUBJECT ADDED ENTRY--TOPICAL TERM
Topical term or geographic name entry element Astronomy
650 ## - SUBJECT ADDED ENTRY--TOPICAL TERM
Topical term or geographic name entry element Planet
9 (RLIN) 717020
650 ## - SUBJECT ADDED ENTRY--TOPICAL TERM
Topical term or geographic name entry element Mathematics
700 ## - ADDED ENTRY--PERSONAL NAME
Personal name Morrison David
9 (RLIN) 717273
700 ## - ADDED ENTRY--PERSONAL NAME
Personal name Wolff Sidney
9 (RLIN) 717274
942 ## - ADDED ENTRY ELEMENTS (KOHA)
Classification part B94, P4
Koha item type Textual
Source of classification or shelving scheme Colon Classification (CC)
Holdings
Withdrawn status Lost status Source of classification or shelving scheme Damaged status Not for loan Home library Current library Date acquired Source of acquisition Serial Enumeration / chronology Total Checkouts Full call number Barcode Date last seen Price effective from Koha item type
    Colon Classification (CC)     Department of Physics and Astrophysics Library Department of Physics and Astrophysics Library 2022-10-07 Monika, Includes CD-ROM   B94 P4 PA0005555 2022-10-07 2022-10-07 Textual
Copyright @ Delhi University Library System